Statistics for Southern Hemisphere Geography by Letter - A

Click here to take the quiz!

General Stats

  • This quiz has been taken 33 times
  • The average score is 12 of 24

Answers on the Map

Answers color-coded by a green-red scale on the quiz's map according to % correct below.
 

Answer Stats

CategoryAnswer% Correct
ContinentAntarctica
100%
CountriesArgentina
100%
CountriesAustralia
96%
CountriesAngola
93%
Other CitiesAdelaide
86%
Physical RegionsAndes
82%
Other CitiesAuckland
79%
Capital CitiesAntananarivo
68%
Capital CitiesAsunción
68%
Capital CitiesApia
64%
Other CitiesAlice Springs
57%
Physical RegionsAmazon
54%
Mountain PeaksAconcagua
43%
Physical RegionsAtacama
39%
Minor IslandsAscension
36%
Other CitiesArusha
29%
Mountain PeaksAoraki / Mount Cook
25%
Other CitiesAdamstown
21%
TerritoryAmerican Samoa
21%
Physical RegionsAltiplano
11%
Other CitiesAmbon
11%
Minor IslandsAmsterdam
7%
Minor IslandsAnnobón
7%
Minor IslandsAntipodes
7%

Score Distribution

Percentile by Number Answered

Percent of People with Each Score

Your Score History

You have not taken this quiz